000 00692cam a22002533a 4500
001 23147
003 PGUSA
005 20140828083507.0
008 071022s2007||||xxu|||||s|||||000 1 eng d
040 _aPGUSA
_beng
042 _adc
050 4 _aPS
100 1 _aClinton, Ed M.,
_d1926-2006
245 1 0 _aUntechnological Employment
_h[electronic resource] /
_cEd M. Clinton
260 _bProject Gutenberg,
_c2007
506 _aPublic domain in the USA.
516 _aElectronic text
653 _aEpistolary fiction
653 _aScience fiction
653 _aShort stories
830 0 _aProject Gutenberg
_v23147
856 4 0 _uhttp://www.gutenberg.org/ebooks/23147
942 _cEB
999 _c252402
_d252402